Cateterización y angiografía cardíaca / (Registro nro. 668)

Detalles MARC
000 -LEADER
fixed length control field 01027 am a2200265 a 4500
005 - FECHA ULTIMA MODIFICACION
control field 20231226110902.0
008 - CAMPO DE CONTROL (LIBRO)
fixed length control field 100901s1984||||ag a f |||| 001 0 spa d
020 ## - INTERNATIONAL STANDARD BOOK NUMBER
ISBN 9505550405
041 ## - CODIGO DE IDIOMA
Código de idioma del texto/pista de sonido o título separado spa
092 ## - SIGNATURA TOPOGRAFICA DEWEY LOCAL
número de clasificación 617.059
libristica 30
sección GRO
100 1# - ENTRADA PRINCIPAL--NOMBRE PERSONAL
Nombre personal Grossman, William.
9 (RLIN) 1359
245 ## - TITULO PROPIAMENTE DICHO
Título Cateterización y angiografía cardíaca /
Mención de responsabilidad y remanente de la transcripción de la portada William Grossman.
250 ## - MENCION DE EDICION
Mención de edición 2a ed. traducida de la edición en inglés
Mención de responsabilidad relacionada con la ed. Traducción Renato González Mora.
260 ## - PIE DE IMPRENTA
Lugar de publicación, distribución, etc Buenos Aires:
Nombre de la editorial, distribuidor, etc Intermedica;
Fecha de publicación 1984.
300 ## - DESCRIPCION FISICA
Extension 462 p.
Otros detalles físicos il.
500 ## - NOTA GENERAL
Nota general Grossman, W. (1984). Cateterización y angiografía cardíaca. (2a ed.). Buenos Aires : Intermedica.
653 ## - TÉRMINO INDIZADO - PALABRAS CLAVES
Palabra clave Principios generales del cateterismo cardíaco y de la angiografía
653 ## - TÉRMINO INDIZADO - PALABRAS CLAVES
Palabra clave Técnicas del cateterísmo cardíaco
653 ## - TÉRMINO INDIZADO - PALABRAS CLAVES
Palabra clave Principios hemodinámicos
653 ## - TÉRMINO INDIZADO - PALABRAS CLAVES
Palabra clave Técnicas angiográficas
653 ## - TÉRMINO INDIZADO - PALABRAS CLAVES
Palabra clave Evaluación de la función cardíaca
653 ## - TÉRMINO INDIZADO - PALABRAS CLAVES
Palabra clave Perfiles hemodinámicos y angiográficos en trastornos específicos
930 ## - NUMERO DE INVENTARIO
Número de inventario 748
942 ## - ADDED ENTRY ELEMENTS (KOHA)
Source of classification or shelving scheme Dewey Decimal Classification
Item type Libros
Existencias
Estado de retiro Existencia Fuente de clasificación Estado general No para prestamo Ubicación permanente ubicación actual Sala de ubicación Fecha de adquisición Total Checkouts Número de clasificación Código de barras Date last seen Número de ejemplar Price effective from Koha tipo de elemento (item) Public note Coded location qualifier
    Dewey Decimal Classification     Biblioteca Medicina Biblioteca Medicina Circulación 13/05/2011   617.059 30 GRO 748 06/11/2014 ej.1 13/05/2011 Libros Hemeroteca 2022  

UNIVERSIDAD NACIONAL DEL COMAHUE
Biblioteca de la Facultad de Ciencias Médicas
Sede Toschi: Los Arrayanes y Av. Toschi, Cipolletti  - Rio Negro
Sede Los Tordos:  Yrigoyen al 2211, Cipolletti - Rio Negro 

Teléfono: 0299 - 4774707 int 25
Contacto: biblioteca@facimed.uncoma.edu.ar
© 2011 - 2026